| 000 | 01307cab a2200313 4500 | ||
|---|---|---|---|
| 001 | ABS58830 | ||
| 008 | 090401t1998 xxu||||| |||| 00| 0 eng d | ||
| 035 | _a(Sirsi) u87196 | ||
| 041 | _aeng | ||
| 100 | _aTolson, S. | ||
| 245 | _aCollateral warranties - a lawyer`s-eye view | ||
| 260 | _c1998 | ||
| 350 | _a0 | ||
| 490 |
_aFaculty of Building Journal _v7(3) June 1998, 29-32(4) |
||
| 520 | _aThe first in a series of articles discusses how collateral warranties have evolved out of the law of tort of negligence and reviews case law in this area. Defines collateral warranties,identifies to whom they may be provided and comments on their importance. | ||
| 650 | _aALFRED MCALPINE CONSTRUCTION LTD V PANATOWN LTD | ||
| 650 | _aBUILT ENVIRONMENT-BUILDING CONTRACT FORMS-CONSTRUCTION COLLATERAL WARRANTY FORMS | ||
| 650 | _aCONSTRUCTION PROCESS | ||
| 650 | _aD&F ESTATES & ORS V THE CHURCH COMMISSIONERS OF ENGLAND & ORS | ||
| 650 | _aDEFECTIVE BUILDING WORK | ||
| 650 | _aJCT STANDARD FORM OF BUILDING CONTRACT | ||
| 650 | _aMURPHY V BRENTWOOD DC | ||
| 650 | _aPRIVITY OF CONTRACT | ||
| 650 | _aST MARTINS PROPERTY CORPORATION LTD V SIR ROBERT MCALPINE AND SONS LTD | ||
| 650 | _aTORT | ||
| 690 | _aBUILT ENVIRONMENT-BUILDING CONTRACT FORMS | ||
| 942 | _n0 | ||
| 948 | _c03/07/1998 | ||
| 999 |
_c54979 _d54979 |
||